000
00253nam a2200121Ia 4500
008
191201s2019 xx 000 0 und d
100
_a
BODLE, Zvi
245
0
_a
Investments
260
_b
TMH
_c
2019
300
_a
1091
650
_a
MBA
942
_2
ddc
_c
BK
999
_c
6928
_d
6928